000 00662nam a2200229Ia 4500
003 OSt
005 20220926030908.0
006 a|||||r|||| 00| 0
007 ta
008 220923b |||||||| |||| 00| 0 eng d
037 _cGeneral Book
040 _aRTL
_cRTL
_beng
041 _2eng
_aeng
082 _aX71.237.N97t5, N7
110 _aRAJASTHAN (Govt of--)
245 0 _aViniyogo aur anudano ke liye maango avm lekhanudaan ke anusochi
260 _aRajasthan
_bGovernment of Rajasthan
_c1997
300 _a26p
_ccm.
700 _aRAJASTHAN (Govt of--)
942 _hX71.237.N97t5, N7
_cGB
_2CC
999 _c650980
_d650980